| 000 | 01155nam a2200289 4500 | ||
|---|---|---|---|
| 001 | 178887 | ||
| 003 | ES-MaACL | ||
| 005 | 20240129115654.0 | ||
| 008 | 110727s2008 sp bcfo |||| |bspa d | ||
| 020 | _a978-84-8432-996-1 | ||
| 080 | _a929 Negrín, Juan | ||
| 080 | _a94(460)"1931/39" | ||
| 100 | 1 |
_aJackson, Gabriel, _d1921-2019 _965809 |
|
| 245 | 1 | 0 |
_aJuan Negrín _b: médico, socialista y jefe del gobierno de la II República española / _cGabriel Jackson ; traducción castellana de Marita Gomis y Gabriela Ellena Castellotti. |
| 260 |
_aBarcelona : _bCrítica, _c[2008] |
||
| 300 |
_aXI, 448 p., [11] p. de mapas, [16] p. de lám. fot. ; _c24 cm. |
||
| 490 | 1 | _aCrítica contrastes | |
| 500 | _aÍndice. | ||
| 600 | 1 | 4 |
_aNegrín, Juan, _d1892-1956- _xBiografías _985308 |
| 651 | 7 |
_aEspaña- _xHistoria- _y1931-1939, II República. _98283 |
|
| 700 | 1 |
_aGomis Bertrand, María. _9147456 |
|
| 700 | 1 |
_aCastellotti, Gabriela Ellena. _9147457 |
|
| 830 | 0 |
_aCrítica contrastes _9180307 |
|
| 852 |
_aES-MaACL _jA-11383 _9185753 _bR.145900 _cDEPO1 _dOlim: N-4387 |
||
| 942 |
_2udc _cMONOGRAFIA |
||
| 999 |
_c178887 _d178887 |
||